000 00725cam a2200265 4500
001 M1454
008 090401t1992 xxu||||| |||| 00| 0 eng d
035 _a(Sirsi) u32126
041 _aeng
050 _a333.332
090 _aRICS 1992/88A
110 _aRoyal Institution of Chartered Surveyors
_94900
245 _aManual of valuation guidance notes (third edition). Amendments 1 (dated June 1992).
260 _aLondon
_bRICS
_c1992
300 _a30p. ; 30cm.
350 _a0
650 _aMORTGAGE VALUATIONS
650 _aREINSPECTIONS
650 _aVALUATION GUIDANCE NOTES
650 _aVALUATION SURVEY
650 _aWHITE BOOK
690 _aRATING AND VALUATION
942 _n0
948 _c04/03/1997
999 _c89675
_d89675